000 00818nam a2200253Ia 4500
003 OSt
005 20220923222750.0
006 a|||||r|||| 00| 0
007 ta
008 220922b |||||||| |||| 00| 0 hin d
024 _a207,576
037 _cTextual
040 _aARTS
_cARTS
_bhin
041 _2hin
_ahin
082 _aO152,3NMI10x, M5
100 _aमिश्र, रवीन्द्रनाथ
245 0 _aपाषाण प्रतियाएं
246 _aPāṣhāṇ pratiyāean
260 _aदिल्ली
_b अभियान प्रका0
_c1985
300 _a166पृ.
_ccm.
650 _aहिन्दी कहानी
942 _hO152,3NMI10x, M5
_cTEXL
_2CC
999 _c358193
_d358193